Hindi sahitya ki bhumika (Record no. 148532)

MARC details
000 -LEADER
fixed length control field 00696nam a2200229Ia 4500
003 - CONTROL NUMBER IDENTIFIER
control field OSt
005 - DATE AND TIME OF LATEST TRANSACTION
control field 20260318113630.0
008 - FIXED-LENGTH DATA ELEMENTS--GENERAL INFORMATION
fixed length control field 210210b1950 xxu||||| |||| 00| 0 eng d
040 ## - CATALOGING SOURCE
Transcribing agency AL
041 ## - LANGUAGE CODE
Language code of text/sound track or separate title Hindi
082 ## - DEWEY DECIMAL CLASSIFICATION NUMBER
Classification number 864/25
100 ## - MAIN ENTRY--PERSONAL NAME
Personal name Dvivedi (Hazri Prasad)
Dates associated with a name द्विवेदी (हजारी प्रसाद)
9 (RLIN) 258830
245 ## - TITLE STATEMENT
Title Hindi sahitya ki bhumika
Remainder of title हिंदी साहित्य की भूमिका
260 ## - PUBLICATION, DISTRIBUTION, ETC.
Place of publication, distribution, etc. Bambai
Name of publisher, distributor, etc. Hindi Granth Ratnakar
Date of publication, distribution, etc. 1950
650 ## - SUBJECT ADDED ENTRY--TOPICAL TERM
Topical term or geographic name entry element sahitya
9 (RLIN) 258831
650 ## - SUBJECT ADDED ENTRY--TOPICAL TERM
Topical term or geographic name entry element ki
9 (RLIN) 258832
650 ## - SUBJECT ADDED ENTRY--TOPICAL TERM
Topical term or geographic name entry element Hindi
9 (RLIN) 258833
650 ## - SUBJECT ADDED ENTRY--TOPICAL TERM
Topical term or geographic name entry element bhUmika
9 (RLIN) 258834
690 ## - LOCAL SUBJECT ADDED ENTRY--TOPICAL TERM (OCLC, RLIN)
Topical term or geographic name as entry element Hindi Criticism
9 (RLIN) 258835
906 ## - LOCAL DATA ELEMENT F, LDF (RLIN)
a 023562
942 ## - ADDED ENTRY ELEMENTS (KOHA)
Source of classification or shelving scheme Dewey Decimal Classification
Koha item type Book
Holdings
Withdrawn status Lost status Source of classification or shelving scheme Damaged status Not for loan Collection code Home library Current library Shelving location Date acquired Cost, normal purchase price Total Checkouts Full call number Barcode Date last seen Price effective from Koha item type
    Dewey Decimal Classification     Hindi St Aloysius Library St Aloysius Library   02/17/2021 0.00   864/25 023562 02/17/2021 02/17/2021 Book